| 000 | 01493cam a22003617a 4500 | ||
|---|---|---|---|
| 001 | 15076769 | ||
| 003 | Nust- CAS-E | ||
| 005 | 20180118181408.0 | ||
| 008 | 071109s2008 enka b 001 0 eng | ||
| 010 | _a 2007046622 | ||
| 020 | _a9780470853122 (cloth) | ||
| 020 | _a0470853123 (cloth) | ||
| 020 | _a9780470853139 (pbk.) | ||
| 020 | _a0470853131 (pbk.) | ||
| 035 | _a(OCoLC)ocn181368840 | ||
| 035 | _a(OCoLC)181368840 | ||
| 040 |
_aDLC _cDLC _dYDX _dBAKER _dYDXCP _dBTCTA _dDLC |
||
| 050 | 0 | 0 |
_aTJ163.2 _b.C625 2008 |
| 082 | 0 | 0 |
_a621.042 _222 _bCOL-E 2008 |
| 100 | 1 | _aColey, David A. | |
| 245 | 1 | 0 |
_aEnergy and climate change : _bcreating a sustainable future / _cDavid A. Coley. |
| 260 |
_aChichester, West Sussex ; _aHoboken, NJ : _bJohn Wiley, _cc2008. |
||
| 300 |
_axv, 656 p. : _bill. (some col.) ; _c26 cm. |
||
| 502 | _a0 | ||
| 504 | _aIncludes bibliographical references (p. [641]-642) and index. | ||
| 650 | 0 |
_aPower resources _vTextbooks. |
|
| 650 | 0 |
_aClimatic changes _vTextbooks. |
|
| 856 | 4 | 2 |
_3Publisher description _uhttp://www.loc.gov/catdir/enhancements/fy0829/2007046622-d.html |
| 856 | 4 | 1 |
_3Table of contents only _uhttp://www.loc.gov/catdir/enhancements/fy0829/2007046622-t.html |
| 906 |
_a7 _bcbc _corignew _d1 _eecip _f20 _gy-gencatlg |
||
| 942 |
_2ddc _cBK |
||
| 999 |
_c355640 _d355640 |
||